Top 10 Most Visited Countries in the World - Statistics

General Stats
  • This quiz has been taken 26 times
  • The average score is 9 of 10
Answer Stats
Hint Answer % Correct
66 Million visitors China
100%
100 Million visitors France
100%
57 Million visitors Italy
100%
94 Million visitors Spain
100%
80 Million visitors United States
96%
38 Million visitors Germany
92%
37 Million visitors United Kingdom
92%
45 Million visitors Mexico
84%
55 Million visitors Turkey
84%
40 Million visitors Thailand
72%
No matching quizzes found
Score Distribution
Percent of People with Each Score
Percentile by Number Answered
Your Score History
You have not taken this quiz